000
00345nam a2200133Ia 4500
008
151001s9999||||xx |||||||||||||| ||und||
100
_a
वा शि आपटे
245
_a
अभ्यास कसा करावा
250
_a
1
260
_b
सरिता प्रकाशन
260
_c
1974
300
_a
94
365
_b
18
999
_c
957662
_d
957659